Fundamentals of machine design / (Record no. 3337)
[ view plain ]
| 000 -LEADER | |
|---|---|
| fixed length control field | 00861nac a22002291u 4500 |
| 010 ## - LIBRARY OF CONGRESS CONTROL NUMBER | |
| LC control number | 005668087 |
| 020 ## - INTERNATIONAL STANDARD BOOK NUMBER | |
| International Standard Book Number | 0714718637 (vol 50) |
| 028 ## - PUBLISHER NUMBER | |
| Source | www.bl.uk |
| 082 ## - DEWEY DECIMAL CLASSIFICATION NUMBER | |
| Classification number | 621.815 |
| Item number | Or55 |
| 090 ## - LOCALLY ASSIGNED LC-TYPE CALL NUMBER (OCLC); LOCAL CALL NUMBER (OCLC) | |
| -- | 3337 |
| -- | 3337 |
| 100 ## - MAIN ENTRY--PERSONAL NAME | |
| Personal name | Orlov, P. |
| 245 ## - TITLE STATEMENT | |
| Title | Fundamentals of machine design / |
| Remainder of title | P. Orlov. |
| 260 ## - PUBLICATION, DISTRIBUTION, ETC. (IMPRINT) | |
| Place of publication, distribution, etc | Moscow : |
| Name of publisher, distributor, etc | Mir, 1977(1980)-1980. |
| Date of publication, distribution, etc | c. 1977(1980)-1980. |
| 300 ## - PHYSICAL DESCRIPTION | |
| Extent | v5: |
| Other physical details | ill; |
| Dimensions | 15cm. |
| 500 ## - GENERAL NOTE | |
| General note | Donations. |
| 500 ## - GENERAL NOTE | |
| General note | Donations - Bibliotheca Alexandrina. |
| 500 ## - GENERAL NOTE | |
| General note | Contents: [Vol] 3, translated from the Russian by A. Troitsky - [Vol] 5, translated from the Russian by F. Palkin and V. Palkin. |
| 650 ## - SUBJECT ADDED ENTRY--TOPICAL TERM | |
| Topical term or geographic name as entry element | Machine design. |
| 700 ## - ADDED ENTRY--PERSONAL NAME | |
| Personal name | Orlov, P. |
| 942 ## - ADDED ENTRY ELEMENTS (KOHA) | |
| Item type | Book - Borrowing |
| Call number prefix | 621.815Or55 |
| Withdrawn status | Item status | Source of classification or shelving scheme | Damaged status | Not for loan | Home library | Current library | Shelving location | Date acquired | Source of acquisition | Total Checkouts | Total Renewals | Full call number | Barcode | Date last seen | Date last borrowed | Koha item type |
|---|---|---|---|---|---|---|---|---|---|---|---|---|---|---|---|---|
| Dewey Decimal Classification | Central Library | Central Library | First floor | 04/04/2007 | Purchase | 1 | 3 | 621.815 ORL | 000030417 | 15/07/2025 | 12/12/2012 | Book - Borrowing |